Statistics for 1986 College Football AP Poll

Click here to take the quiz!

General Stats

  • This quiz has been taken 26 times
  • The average score is 258 of 301

Answer Stats

WeekRankTeamWLTConference% Correct
Week 9 (11/4)6Alabama81SEC
95%
Week 6 (10/14)2Alabama60SEC
95%
Week 4 (9/30)2Alabama40SEC
95%
Week 12 (11/25)7Alabama92SEC
95%
Preseason5Alabama00SEC
95%
Week 13 (12/2)13Alabama93SEC
95%
Week 2 (9/16)4Alabama30SEC
95%
Week 10 (11/11)11Alabama82SEC
95%
Week 8 (10/28)8Alabama71SEC
95%
Week 7 (10/21)2Alabama70SEC
95%
Week 1 (9/9)4Alabama20SEC
95%
Week 5 (10/7)2Alabama50SEC
95%
Week 11 (11/18)9Alabama92SEC
95%
Postseason9Alabama103SEC
95%
Week 3 (9/23)3Alabama40SEC
95%
Week 11 (11/18)6Michigan91Big Ten
95%
Week 4 (9/30)4Michigan30Big Ten
95%
Week 6 (10/14)4Michigan50Big Ten
95%
Week 7 (10/21)4Michigan60Big Ten
95%
Week 2 (9/16)3Michigan10Big Ten
95%
Week 5 (10/7)4Michigan40Big Ten
95%
Preseason2Michigan00Big Ten
95%
Week 1 (9/9)3Michigan00Big Ten
95%
Week 13 (12/2)4Michigan101Big Ten
95%
Week 12 (11/25)4Michigan101Big Ten
95%
Week 9 (11/4)3Michigan80Big Ten
95%
Postseason8Michigan112Big Ten
95%
Week 10 (11/11)2Michigan90Big Ten
95%
Week 8 (10/28)3Michigan70Big Ten
95%
Week 3 (9/23)5Michigan20Big Ten
95%
Week 2 (9/16)20Notre Dame01Independent
95%
Week 12 (11/25)3Oklahoma101Big Eight
95%
Week 4 (9/30)6Oklahoma21Big Eight
95%
Week 13 (12/2)3Oklahoma101Big Eight
95%
Week 6 (10/14)5Oklahoma41Big Eight
95%
Week 11 (11/18)3Oklahoma91Big Eight
95%
Week 3 (9/23)1Oklahoma20Big Eight
95%
Week 5 (10/7)6Oklahoma31Big Eight
95%
Week 2 (9/16)1Oklahoma10Big Eight
95%
Preseason1Oklahoma00Big Eight
95%
Week 9 (11/4)4Oklahoma71Big Eight
95%
Week 8 (10/28)4Oklahoma61Big Eight
95%
Week 10 (11/11)4Oklahoma81Big Eight
95%
Week 7 (10/21)5Oklahoma51Big Eight
95%
Week 1 (9/9)1Oklahoma10Big Eight
95%
Postseason3Oklahoma111Big Eight
95%
Week 5 (10/7)5Penn State40Independent
95%
Week 8 (10/28)2Penn State70Independent
95%
Week 3 (9/23)7Penn State20Independent
95%
Week 6 (10/14)6Penn State50Independent
95%
Week 1 (9/9)5Penn State10Independent
95%
Week 12 (11/25)2Penn State110Independent
95%
Week 10 (11/11)3Penn State90Independent
95%
Week 9 (11/4)2Penn State80Independent
95%
Preseason6Penn State00Independent
95%
Week 13 (12/2)2Penn State110Independent
95%
Week 7 (10/21)6Penn State60Independent
95%
Week 11 (11/18)2Penn State100Independent
95%
Postseason1Penn State120Independent
95%
Week 2 (9/16)5Penn State10Independent
95%
Week 4 (9/30)5Penn State30Independent
95%
Week 1 (9/9)8Tennessee10SEC
95%
Preseason10Tennessee00SEC
95%
Week 4 (9/30)9USC30Pacific-10
95%
Week 3 (9/23)12USC20Pacific-10
95%
Week 10 (11/11)13USC62Pacific-10
95%
Week 9 (11/4)14USC62Pacific-10
95%
Week 8 (10/28)18USC52Pacific-10
95%
Week 5 (10/7)9USC40Pacific-10
95%
Week 11 (11/18)10USC72Pacific-10
95%
Week 6 (10/14)15USC41Pacific-10
95%
Week 12 (11/25)17USC73Pacific-10
95%
Week 8 (10/28)14Arizona61Pacific-10
90%
Week 7 (10/21)15Arizona51Pacific-10
90%
Week 11 (11/18)14Arizona72Pacific-10
90%
Week 9 (11/4)17Arizona62Pacific-10
90%
Week 5 (10/7)11Arizona40Pacific-10
90%
Week 6 (10/14)16Arizona41Pacific-10
90%
Week 10 (11/11)14Arizona72Pacific-10
90%
Week 4 (9/30)10Arizona40Pacific-10
90%
Week 3 (9/23)10Arizona30Pacific-10
90%
Postseason11Arizona93Pacific-10
90%
Week 12 (11/25)12Arizona82Pacific-10
90%
Week 13 (12/2)16Arizona83Pacific-10
90%
Week 2 (9/16)17Arizona20Pacific-10
90%
Week 1 (9/9)13Florida11SEC
90%
Week 2 (9/16)13Florida11SEC
90%
Preseason13Florida00SEC
90%
Week 1 (9/9)15Florida State11Independent
90%
Week 8 (10/28)20Florida State421Independent
90%
Preseason11Florida State00Independent
90%
Week 2 (9/16)15Florida State11Independent
90%
Week 3 (9/23)20Florida State111Independent
90%
Week 9 (11/4)19Georgia62SEC
90%
Preseason16Georgia00SEC
90%
Week 2 (9/16)14Georgia10SEC
90%
Week 12 (11/25)18Georgia73SEC
90%
Week 13 (12/2)17Georgia83SEC
90%
Week 11 (11/18)20Georgia73SEC
90%
Week 1 (9/9)19Georgia00SEC
90%
Preseason20Michigan State00Big Ten
90%
Week 1 (9/9)20Michigan State00Big Ten
90%
Week 4 (9/30)17Michigan State21Big Ten
90%
Week 3 (9/23)19Michigan State11Big Ten
90%
Week 6 (10/14)3Nebraska50Big Eight
90%
Week 4 (9/30)3Nebraska30Big Eight
90%
Week 11 (11/18)5Nebraska91Big Eight
90%
Week 13 (12/2)6Nebraska92Big Eight
90%
Week 1 (9/9)6Nebraska10Big Eight
90%
Postseason5Nebraska102Big Eight
90%
Week 2 (9/16)6Nebraska10Big Eight
90%
Preseason8Nebraska00Big Eight
90%
Week 8 (10/28)9Nebraska61Big Eight
90%
Week 12 (11/25)6Nebraska92Big Eight
90%
Week 10 (11/11)6Nebraska81Big Eight
90%
Week 5 (10/7)3Nebraska40Big Eight
90%
Week 3 (9/23)4Nebraska20Big Eight
90%
Week 7 (10/21)3Nebraska60Big Eight
90%
Week 9 (11/4)7Nebraska71Big Eight
90%
Week 13 (12/2)11Ohio State93Big Ten
90%
Week 10 (11/11)9Ohio State82Big Ten
90%
Week 8 (10/28)17Ohio State62Big Ten
90%
Week 1 (9/9)10Ohio State01Big Ten
90%
Week 11 (11/18)7Ohio State92Big Ten
90%
Week 9 (11/4)11Ohio State72Big Ten
90%
Preseason9Ohio State00Big Ten
90%
Week 12 (11/25)11Ohio State93Big Ten
90%
Postseason7Ohio State103Big Ten
90%
Postseason4Arizona State1011Pacific-10
85%
Week 7 (10/21)9Arizona State501Pacific-10
85%
Week 10 (11/11)5Arizona State801Pacific-10
85%
Week 9 (11/4)5Arizona State701Pacific-10
85%
Week 8 (10/28)7Arizona State601Pacific-10
85%
Week 12 (11/25)8Arizona State911Pacific-10
85%
Week 3 (9/23)11Arizona State20Pacific-10
85%
Week 6 (10/14)10Arizona State401Pacific-10
85%
Week 4 (9/30)16Arizona State201Pacific-10
85%
Week 2 (9/16)18Arizona State10Pacific-10
85%
Week 13 (12/2)7Arizona State911Pacific-10
85%
Week 11 (11/18)4Arizona State901Pacific-10
85%
Week 5 (10/7)15Arizona State301Pacific-10
85%
Week 7 (10/21)14Arkansas51Southwest
85%
Postseason15Arkansas93Southwest
85%
Week 8 (10/28)13Arkansas61Southwest
85%
Week 12 (11/25)9Arkansas92Southwest
85%
Week 4 (9/30)8Arkansas30Southwest
85%
Week 3 (9/23)9Arkansas20Southwest
85%
Week 9 (11/4)10Arkansas71Southwest
85%
Week 6 (10/14)14Arkansas41Southwest
85%
Preseason19Arkansas00Southwest
85%
Week 1 (9/9)18Arkansas00Southwest
85%
Week 5 (10/7)8Arkansas40Southwest
85%
Week 13 (12/2)9Arkansas92Southwest
85%
Week 10 (11/11)17Arkansas72Southwest
85%
Week 11 (11/18)11Arkansas82Southwest
85%
Week 2 (9/16)12Arkansas10Southwest
85%
Week 11 (11/18)8LSU72SEC
85%
Week 3 (9/23)18LSU11SEC
85%
Week 10 (11/11)12LSU62SEC
85%
Week 6 (10/14)12LSU31SEC
85%
Week 8 (10/28)12LSU51SEC
85%
Week 9 (11/4)18LSU52SEC
85%
Week 12 (11/25)5LSU82SEC
85%
Week 5 (10/7)16LSU21SEC
85%
Week 1 (9/9)14LSU00SEC
85%
Week 7 (10/21)12LSU41SEC
85%
Week 4 (9/30)18LSU11SEC
85%
Preseason15LSU00SEC
85%
Week 2 (9/16)8LSU10SEC
85%
Week 13 (12/2)5LSU92SEC
85%
Postseason10LSU93SEC
85%
Week 10 (11/11)20Ole Miss621SEC
85%
Week 11 (11/18)13Texas A&M72Southwest
85%
Week 12 (11/25)10Texas A&M82Southwest
85%
Week 10 (11/11)7Texas A&M71Southwest
85%
Week 9 (11/4)8Texas A&M71Southwest
85%
Postseason13Texas A&M93Southwest
85%
Week 13 (12/2)8Texas A&M92Southwest
85%
Week 7 (10/21)10Texas A&M51Southwest
85%
Week 2 (9/16)16Texas A&M01Southwest
85%
Week 1 (9/9)7Texas A&M00Southwest
85%
Week 3 (9/23)14Texas A&M11Southwest
85%
Week 6 (10/14)11Texas A&M41Southwest
85%
Week 4 (9/30)14Texas A&M21Southwest
85%
Week 5 (10/7)14Texas A&M31Southwest
85%
Preseason7Texas A&M00Southwest
85%
Week 8 (10/28)10Texas A&M61Southwest
85%
Week 3 (9/23)16UCLA11Pacific-10
85%
Week 4 (9/30)15UCLA21Pacific-10
85%
Preseason4UCLA00Pacific-10
85%
Week 10 (11/11)19UCLA63Pacific-10
85%
Week 8 (10/28)15UCLA52Pacific-10
85%
Week 6 (10/14)19UCLA32Pacific-10
85%
Week 12 (11/25)15UCLA731Pacific-10
85%
Week 7 (10/21)17UCLA42Pacific-10
85%
Week 2 (9/16)19UCLA01Pacific-10
85%
Week 9 (11/4)12UCLA62Pacific-10
85%
Week 11 (11/18)18UCLA631Pacific-10
85%
Week 13 (12/2)15UCLA731Pacific-10
85%
Postseason14UCLA831Pacific-10
85%
Week 1 (9/9)16UCLA01Pacific-10
85%
Week 6 (10/14)9Washington41Pacific-10
85%
Week 2 (9/16)7Washington10Pacific-10
85%
Week 10 (11/11)10Washington72Pacific-10
85%
Preseason16Washington00Pacific-10
85%
Week 3 (9/23)6Washington20Pacific-10
85%
Week 5 (10/7)12Washington31Pacific-10
85%
Week 7 (10/21)8Washington51Pacific-10
85%
Week 11 (11/18)12Washington721Pacific-10
85%
Week 8 (10/28)6Washington61Pacific-10
85%
Week 13 (12/2)12Washington821Pacific-10
85%
Week 1 (9/9)17Washington00Pacific-10
85%
Week 4 (9/30)12Washington21Pacific-10
85%
Week 12 (11/25)13Washington821Pacific-10
85%
Week 9 (11/4)13Washington62Pacific-10
85%
Postseason18Washington831Pacific-10
85%
Week 11 (11/18)15Auburn82SEC
80%
Week 3 (9/23)8Auburn20SEC
80%
Week 5 (10/7)7Auburn40SEC
80%
Week 12 (11/25)14Auburn82SEC
80%
Week 6 (10/14)7Auburn50SEC
80%
Week 2 (9/16)10Auburn10SEC
80%
Postseason6Auburn102SEC
80%
Week 13 (12/2)10Auburn92SEC
80%
Week 10 (11/11)8Auburn81SEC
80%
Week 7 (10/21)7Auburn60SEC
80%
Week 4 (9/30)7Auburn30SEC
80%
Week 9 (11/4)9Auburn71SEC
80%
Week 8 (10/28)5Auburn70SEC
80%
Preseason14Auburn00SEC
80%
Week 1 (9/9)9Auburn10SEC
80%
Week 11 (11/18)19Clemson721ACC
80%
Week 10 (11/11)15Clemson72ACC
80%
Week 9 (11/4)20Clemson62ACC
80%
Week 5 (10/7)20Clemson31ACC
80%
Week 6 (10/14)17Clemson41ACC
80%
Postseason17Clemson822ACC
80%
Week 7 (10/21)16Clemson51ACC
80%
Week 12 (11/25)20Iowa83Big Ten
80%
Week 13 (12/2)19Iowa83Big Ten
80%
Week 8 (10/28)11Iowa61Big Ten
80%
Week 9 (11/4)16Iowa62Big Ten
80%
Week 4 (9/30)11Iowa30Big Ten
80%
Week 3 (9/23)15Iowa20Big Ten
80%
Week 7 (10/21)11Iowa51Big Ten
80%
Week 5 (10/7)10Iowa40Big Ten
80%
Postseason16Iowa93Big Ten
80%
Week 6 (10/14)8Iowa50Big Ten
80%
Week 1 (9/9)2Miami20Independent
80%
Week 3 (9/23)2Miami30Independent
80%
Week 13 (12/2)1Miami110Independent
80%
Week 2 (9/16)2Miami20Independent
80%
Postseason2Miami111Independent
80%
Week 4 (9/30)1Miami40Independent
80%
Preseason3Miami00Independent
80%
Week 9 (11/4)1Miami80Independent
80%
Week 8 (10/28)1Miami70Independent
80%
Week 10 (11/11)1Miami90Independent
80%
Week 5 (10/7)1Miami50Independent
80%
Week 7 (10/21)1Miami70Independent
80%
Week 12 (11/25)1Miami100Independent
80%
Week 6 (10/14)1Miami60Independent
80%
Week 11 (11/18)1Miami100Independent
80%
Week 6 (10/14)18North Carolina401ACC
80%
Week 13 (12/2)20Stanford83Pacific-10
80%
Week 7 (10/21)19Stanford51Pacific-10
80%
Week 10 (11/11)16Stanford72Pacific-10
80%
Week 11 (11/18)16Stanford72Pacific-10
80%
Week 5 (10/7)18Stanford40Pacific-10
80%
Week 2 (9/16)11BYU20WAC
75%
Preseason18BYU00WAC
75%
Week 1 (9/9)11BYU10WAC
75%
Week 5 (10/7)19Mississippi State41SEC
75%
Week 6 (10/14)13Mississippi State51SEC
75%
Week 7 (10/21)13Mississippi State61SEC
75%
Week 8 (10/28)19Mississippi State62SEC
75%
Week 5 (10/7)17NC State301ACC
75%
Week 12 (11/25)19NC State821ACC
75%
Week 9 (11/4)15NC State611ACC
75%
Week 4 (9/30)20NC State301ACC
75%
Week 7 (10/21)20NC State411ACC
75%
Week 13 (12/2)18NC State821ACC
75%
Week 8 (10/28)16NC State511ACC
75%
Postseason20Virginia Tech921Independent
75%
Week 1 (9/9)12Baylor10Southwest
70%
Week 13 (12/2)14Baylor83Southwest
70%
Week 6 (10/14)20Baylor42Southwest
70%
Week 10 (11/11)18Baylor63Southwest
70%
Week 5 (10/7)13Baylor41Southwest
70%
Week 11 (11/18)17Baylor73Southwest
70%
Postseason12Baylor93Southwest
70%
Week 4 (9/30)13Baylor31Southwest
70%
Preseason12Baylor00Southwest
70%
Week 3 (9/23)17Baylor21Southwest
70%
Week 12 (11/25)16Baylor83Southwest
70%
Week 2 (9/16)9Baylor20Southwest
70%
Postseason19Boston College93Independent
60%
Week 3 (9/23)13Maryland30ACC
60%
Week 6 (10/14)20SMU41Southwest
60%
Week 7 (10/21)18SMU51Southwest
60%
Week 4 (9/30)19Fresno State30Pacific Coast
15%

Score Distribution

Percentile by Number Answered

Percent of People with Each Score

Your Score History

You have not taken this quiz